الترقيص والغناء للأطفال عند العرب / (رقم التسجيلة. 11027)

تفاصيل مارك
000 -الفاتح
عناصر البيانات ثابتة الطول 00639cam a2200157 i 4500
005 - تاريخ ووقت آخر معاملة
حقل ضبط 20260204104705.0
008 - عناصر البيانات ثابتة الطول
عناصر البيانات ثابتة الطول 250721r1996 ua gr 000 0 ara d
082 14 - رقم تصنيف ديوي العشري
رقم التصنيف 339.8
رقم المادة ع و ض
100 1# - مدخل رئيسي – اسم شخصي
الاسم الشخصي عوض، أحمد عبد التواب
علاقة الشخص بالعمل/ دوره معد.
245 12 - بيان العنوان
العنوان الترقيص والغناء للأطفال عند العرب /
بيان المسؤولية إعداد أحمد عبد التواب عوض ؛ تقديم الأستاذ الدكتور أحمد محمد النجار.
264 31 - بيانات النشر، التوزيع…إلخ
مكان النشر، التوزيع...إلخ القاهره :
اسم الناشر، الموزع...إلخ دار الفضيله،
تاريخ النشر، التوزيع...إلخ 1996.
300 ## - الوصف المادي
عدد الوحدات المكونة للوعاء 112 صفحة.
650 17 - مدخل إضافي بالموضوع - مصطلح موضوعي
مصطلح موضوعي أو اسم جغرافي كعنصر مدخل الأغاني الشعبية.
942 ## - بيانات إضافية (كوها)
نوع التنصيف Dewey Decimal Classification
نوع المادة (كوها) كتب
المقتنيات
حالة السحب حالة الفقدان مصدر التصنيف حالة التلف غير قابل للإعارة المكتبة الرئيسية المكتبة الحالية موقع الرف تاريخ التزويد الرقم المتسلسل Total Checkouts رقم الإستدعاء الباركود تاريخ آخر ظهور تاريخ الفاتورة نوع المادة (كوها) العملة
    Dewey Decimal Classification     المكتبة المركزية المكتبة المركزية الإعارة 04/02/2026 263866   339.8 / ع و ض 263866 04/02/2026 04/02/2026 كتب JOD
    Dewey Decimal Classification     مكتبة الأميرة ايمان العامة مكتبة الأميرة ايمان العامة الإعارة 04/12/2013 [10838]   339.8/عوض PLD00289556 28/07/2025 04/12/2013 كتب  
Implemented & Customized by: BBB with SCIT (Smart Chains for Information Technology)

Powered by Koha